• 首页
  • 本馆介绍
  • 公告通知
  • 最新文献
  • 馆藏检索
  • 电子资源
  • 读者导购
  • 参考咨询
  • 我的图书馆
  • 登录
  • 详细信息显示
  • 放入我的书架
  • 预约/预借图书
  • 作者相关作品
  • 分类相关作品
  • 丛书相关作品
  • 出版社相关作品

书目信息

  • 表格格式
  • 工作单格式
  • 卡片格式
题名:
工程机械发动机理论与性能
    
 
作者: 姚怀新 主编
分册:  
出版信息: 北京   人民交通出版社  2007
页数: 153页
开本: 26cm
丛书名:
单 册:
中图分类: TU603
科图分类:
主题词: 工程机械--发动机--高等学校--教材 , 工程机械 , 发动机
电子资源:
ISBN: 978-7-114-06412-8
000 01006nam0 2200277 450
000 01012nam0 2200277 450
000 00944nam0 2200253 450
000 00908nam0 2200241 45
005 20070515153252.01
010    @a978-7-114-06412-8@dCNY20.00
100    @a20070406d2007 em y0chiy0120 ea
101 0  @achi
102    @aCN@b110000
105    @ay z 000yy
200 1  @a工程机械发动机理论与性能@AGong Cheng Ji Xie Fa Dong Ji Li Lun Yu Xing Neng@f姚怀新主编@FYao Huai Xin Zhu Bian
210    @a北京@c人民交通出版社@d2007
215    @a153页@d26cm
300    @a普通高等教育规划教材
330    @本书阐述了工程车辆领域中采用的活塞式发动机的工作过程及基本理论,共九章,内容包括:发动机热力循环与性能指标、发动机的换气过程、燃料、汽油机的工作原理、柴油机的可燃混合气形成与燃烧等。
606 0  @a工程机械@x发动机@x高等学校@j教材
606 0  @a工程机械
606 0  @a发动机
690    @aTU603@v4
701  0 @a姚怀新@AYao Huai Xin@4主编
801  0 @aCN@bTAOJIN@c20070515
905    @a10447@dTU603@e343
    
    工程机械发动机理论与性能/姚怀新主编.-北京:人民交通出版社,2007
    153页;26cm
    普通高等教育规划教材
    
    ISBN 978-7-114-06412-8:CNY20.00
    
●
相关链接 在E读中查询图书 在五车中查询图书 在当当中查询图书 在豆瓣中查询图书


正题名:工程机械发动机理论与性能     索取号:TU603/343         预约/预借

序号 登录号 条形码 馆藏地/架位号 状态 备注
1 0520442   205204429   第二样本阅览室/ [索取号:TU603/343] 在馆    
2 0520443   205204438   第三借阅区/ [索取号:TU603/343] 在馆    
3 0520444   205204447   第三借阅区/ [索取号:TU603/343] 在馆    
4 0520445   205204456   第三借阅区/ [索取号:TU603/343] 在馆    
5 0520446   205204465   第三借阅区/ [索取号:TU603/343] 在馆    
6 0520447   205204474   第三借阅区/ [索取号:TU603/343] 在馆    
7 0520448   205204483   第三借阅区/ [索取号:TU603/343] 在馆    
8 0520449   205204492   第三借阅区/ [索取号:TU603/343] 在馆    
唐山师范学院图书馆 欢迎您!
大连网信软件有限公司© 版权所有